000 00884nam a22001697a 4500
008 150430b xxu||||| |||| 00| 0 eng d
020 _a0406932441
050 _aKD1924.B87
100 _aBurrows, Andrew
245 _aThe law of restitution. /
_cAndrew Burrows
250 _a2nd ed.
260 _aU.K:
_bButterworth,
_cc2002.
300 _alix, 639p.
_c23cm.
500 _aincludes index
505 _aContents: Fundamental ideas -- Tracing and subrogation -- Mistake -- Ignorance -- Duress -- Undue influence -- Exploitation of weakness -- Legal compulsory discharge of another's legal liability -- Necessity -- Failure of consideration -- Incapacity as a ground for restitution -- Illegality as a ground for restitution -- Ultra vires demands by public authorities -- Restitution for wrongs -- Defences -- Miscellaneous issues: agency and the conflict of laws.
942 _2lcc
_cBK
999 _c5459
_d12959